000 00194nam a22000857a 4500
001 1235785
005 20250930164251.0
245 _aVAY VAY SAMURAY!
_cJON SCİESZKA
260 _bGÜNIŞIĞI YAYINLARI
999 _c1235785
_d1235785